Stanovenie hodnoty podniku diplomová práca

Gespeichert in:
Bibliographische Detailangaben
1. Verfasser: Karabín, Andrej
Körperschaft: Ekonomická univerzita v Bratislave. Fakulta podnikového manažmentu
Weitere Verfasser: Kardoš, Peter
Format: Buch
Sprache:Slowakisch
Veröffentlicht: Bratislava 2010
Tags: Tag hinzufügen
Keine Tags, Fügen Sie das erste Tag hinzu!

MARC

LEADER 00000nam a2200000 4500
001 0122158
005 20240318123501.7
041 0 |a slo 
044 |a SK 
245 1 0 |a Stanovenie hodnoty podniku  |b diplomová práca  |c Andrej Karabín ; škol. Peter Kardoš 
264 1 |a Bratislava  |c 2010 
300 |a 66 s. 
100 1 |a Karabín, Andrej 
700 1 |a Kardoš, Peter 
710 2 |a Ekonomická univerzita v Bratislave. Fakulta podnikového manažmentu